Normal view
MARC view
Entry Personal Name
001 - CONTROL NUMBER
- control field: 43124
003 - CONTROL NUMBER IDENTIFIER
- control field: ARRUPE
005 - DATE AND TIME OF LATEST TRANSACTION
- control field: 20181024123437.0
008 - FIXED-LENGTH DATA ELEMENTS
- fixed length control field: 181024|| aca||aabn | a|a d
040 ## - CATALOGING SOURCE
- Original cataloging agency: ARRUPE
- Transcribing agency: ARRUPE
100 ## - HEADING--PERSONAL NAME
- Personal name: Fuchs, Josef
670 ## - SOURCE DATA FOUND
- Source citation: Work cat.: (ARRUPE)22177: Fuchs, Josef, Christian morality, 1987